000
00292nam a2200121Ia 4500
008
190216s9999||||xx |||||||||||||| ||und||
100
_a
Vijayanadh
245
0
_a
Hindi-Viswasahithya Aur Samskrith
260
_b
Viswasahithya Prakashan
_c
2004
300
_a
112
650
_a
Hindi
942
_c
BK
999
_c
16742
_d
16742